000 00791nam a22002297a 4500
005 20170124110238.0
010 _aB-190443
020 _c00.00
_a0070604851
035 _aB-190443
037 _bCen Lib/Ret
040 _aDPL
_bEN
082 _a511.6076
_bBAL
100 _aBalakrishnan, V.K.
_942416
245 _aSchaum's outlines combinatorics including concepts of graph theory /
_cby V.K.Balakrishnan
260 _aNew Delhi
_bTata McGraw-Hill Publishing Company
_c1995
270 _a7 West Patel Nagar
_bNew Delhi
_e110008
300 _aviii,200p.
_c27cm(pbk)
500 _aIncludes index
650 _aCombinatorial analysis -- Study guides
_942417
650 _aCombinatorial analysis -- Problems, exercises, etc
_942418
942 _2ddc
_cEN
_h511.6076
_mBAL
999 _c134978
_d134978